000 00435nam a2200157Ia 4500
003 GCL
008 140319s9999 xx 000 0 ara d
040 _aGCL /
_cGCL
082 0 4 _a920.71
_bم س
100 1 _aمحمد فتحى صبرى
245 1 0 _aسيرة البطل سيف بن ذى يزن /
_cمحمد فتحى صبرى
300 _a205 ص
490 _a100 قصة
_v0
650 0 4 _aسيف بن ذى يزان
942 _2ddc
_cBK
999 _c45617
_d45617